00841nam a2200205 a 450000500170000000800410001702000180005805000170007610000200009324500720011325000260018526000530021130000230026450000210028752001440030865000320045265000220048499900190050695201100052520140412111253.0000823s19uu xx 00 eng d a0-689-71380-0 aERbOl1 1983 aHaseley, Dennis aThe Old Banjo /cby Dennis Haseley ; illustrated by Stephen Gammel. a1st Aladdin Books Ed. aNew York :bMacmillan Publishing Company,c1983. a1 v. (unp.) ; ill. a"Aladdin Books." aA Hardworking farmer and his son succumb to the enchanment of some very special musical instruments that have been abandoned on their farm. aMusical instruments-Fiction aFarm life-Fiction c103188d103188 00104050aELbELcERd2000-08-23eLib. Fundl0oER Ol1 1983pE3975r2014-04-12 00:00:00w2014-04-12yBK